Statistics for Countries that Start with 'H' - Hard Version

Click here to take the quiz!

General Stats

  • This quiz has been taken 73 times
  • The average score is 6 of 8

Answer Stats

First LetterType-In Starting With HAnswer% Correct
HHungaryHungary
93%
HHaitiHaiti
90%
HHondurasHonduras
88%
VHoly SeeVatican City
67%
DHCongoD. R. Congo
65%
FHMicronesiaF. S. Micronesia
65%
RHCongoRepublic of the Congo
64%
NHollandNetherlands
63%

Score Distribution

Percentile by Number Answered

Percent of People with Each Score

Your Score History

You have not taken this quiz